|
|
|
|
| LEADER |
02361nam a2200433 a 4500 |
| 001 |
34911 |
| 003 |
BD-DhAAL |
| 005 |
20230622151951.0 |
| 008 |
190724r20201995ii a b 001 0bbenod |
| 010 |
|
|
|a 95904143
|
| 020 |
|
|
|a 9788172153649
|
| 020 |
|
|
|a 8172153643
|
| 025 |
|
|
|a I-B-95904143
|
| 040 |
|
|
|a DLC
|c DLC
|d DLC
|d BD-DhAAL
|
| 042 |
|
|
|a lcode
|
| 043 |
|
|
|a a-ii---
|
| 082 |
|
|
|a 891.4414
|2 19
|
| 100 |
0 |
|
|a মুরশিদ, গোলাম
|9 33068
|
| 245 |
|
|
|a আশার ছলনে ভুলি :
|b মাইকেল-জীবনী /
|c গোলাম মুরশিদ
|
| 246 |
3 |
0 |
|a মাইকেল-জীবনী
|
| 246 |
3 |
0 |
|a Maikela-jibani
|
| 246 |
3 |
0 |
|a Ashar chalane vuli
|
| 250 |
|
|
|a তৃতীয় সংস্করণ
|
| 260 |
|
|
|a কলকাতা :
|b আনন্দ পাবলিশার্স,
|c ১৯৯৫ [পঞ্চম মুদ্রণ ২০১৬, সপ্তম মুদ্রণ ২০২০]
|
| 300 |
|
|
|a ৪১৯ পৃষ্ঠা :
|b চিত্র ;
|c ২৫ সে.মি.
|
| 504 |
|
|
|a বিবলিওগ্রাফী ও নির্ঘণ্ট অন্তর্ভুক্ত।
|
| 520 |
|
|
|a Biography of Michael Madhusudan Dutt, 1824-1873, 19th century Bengali poet.
|
| 526 |
|
|
|a Residential Campus
GenEd (Residential Campus)
|
| 541 |
|
|
|a Development Book Agency, Donated By Akbar Ali Khan (38539)
|e 34911, 38539, 40765
|
| 546 |
|
|
|a In Bengali.
|
| 600 |
1 |
0 |
|a দত্ত, মাইকেল মধুসূদন,
|d ১৮২৪-১৮৭৩
|9 33069
|
| 600 |
1 |
0 |
|a Dutt, Michael Madhusudan,
|d 1824-1873.
|9 33070
|
| 650 |
|
0 |
|a Poets, Bengali
|y 19th century
|x Biography.
|9 33071
|
| 852 |
|
|
|a Savar Campus Library
|c General Stacks
|
| 942 |
|
|
|2 ddc
|c BK
|
| 999 |
|
|
|c 40982
|d 40982
|
| 952 |
|
|
|0 0
|1 0
|2 ddc
|4 0
|6 891_441400000000000_MUR
|7 0
|9 65757
|a SCL
|b SCL
|c GEN
|d 2019-07-17
|e Development Book Agency
|g 700.00
|l 2
|o 891.4414 MUR
|p 3020034911
|r 2025-09-15
|s 2025-08-12
|t 1
|v 700.00
|w 2019-07-17
|y BK
|
| 952 |
|
|
|0 0
|1 0
|2 ddc
|4 0
|6 891_441400000000000_MUR
|7 1
|9 70588
|a BRACUL
|b BRACUL
|c AAKC
|d 2022-05-11
|e Donated by Akbar Ali Khan
|l 0
|o 891.4414 MUR
|p 3010038539
|r 2022-05-11
|t 2
|w 2022-05-11
|y BK
|
| 952 |
|
|
|0 0
|1 0
|2 ddc
|4 0
|6 891_441400000000000_MUR
|7 0
|9 72927
|a SCL
|b SCL
|c GEN
|d 2023-01-15
|e Development Book Agency
|g 900.00
|l 2
|m 11
|o 891.4414 MUR
|p 3020040765
|r 2025-08-13
|s 2025-05-26
|t 1
|v 900.00
|w 2023-01-15
|y BK
|